01391nam a22002177a 450000500170000002000180001708200180003510000210005324501150007425000190018926000570020830000220026549000210028750000200030850503900032852003060071865000220102465000570104665000410110365000290114420250912152805.0 a978100945596100a320.954 PAR/R1 aParasher, Tejas,10aRadical democracy in modern Indian political thought /cTejas Parasher, University of California, Los Angeles. aFirst Edition. a. - New Delhib: Cambridge University Pressc. 2024 a1 online resource0 aIdeas in context aIncludes index.0 aPopular Sovereignty and the End of Empire -- "The Genius of the People": The 1923 Constitution of Mysore -- "A Vast Subterranean Democracy": Pluralism in the 1920s -- "A Living Union": The Project of Gandhian Democracy -- Popular Sovereignty, and the Indian Founding -- "Towards Total Revolution": The Aftermath of Independence -- Conclusion: The Challenge of Representative Democracy. a"Drawing on figures ranging from Gandhi to the leaders of the Indian socialist movement, Radical Democracy in Modern Indian Political Thought explores the diversity of political futures imagined at the end of the British Empire and reinterprets the history of representative democracy in South Asia"-- 0aDemocracyzIndia. 0aRepresentative government and representationzIndia. 0aSelf-determination, NationalzIndia. 0aPolitical sciencezIndia